Cities by statue - Statistics

General Stats
  • This quiz has been taken 30 times
  • The average score is 11 of 16
Answer Stats
Picture Answer % Correct
New York
100%
Washington D.C.
100%
Rio de Janeiro
93%
Copenhagen
89%
Bangkok
81%
Giza
81%
Paris
81%
London
78%
Brussels
74%
Berlin
67%
Pyongyang
63%
Amsterdam
56%
Lisbon
52%
Venice
52%
Oslo
33%
Malmö
7%
No matching quizzes found
Score Distribution
Percent of People with Each Score
Percentile by Number Answered
Your Score History
You have not taken this quiz